Byabasay Sangathan aru Parichalan : (Record no. 5681)

MARC details
000 -LEADER
fixed length control field 00539cam a2200193ua 4500
001 - CONTROL NUMBER
control field 6537
005 - DATE AND TIME OF LATEST TRANSACTION
control field 20260515114050.0
008 - FIXED-LENGTH DATA ELEMENTS--GENERAL INFORMATION
fixed length control field 131221n ii |||gr||||Z||||||asm
040 ## - CATALOGING SOURCE
Transcribing agency MAIN
082 ## - DEWEY DECIMAL CLASSIFICATION NUMBER
Classification number 338.7
245 ## - TITLE STATEMENT
Title Byabasay Sangathan aru Parichalan :
Remainder of title Volume I /
Statement of responsibility, etc. By Anil kumar sarmah .
250 ## - EDITION STATEMENT
Edition statement 1st ed.
260 ## - PUBLICATION, DISTRIBUTION, ETC.
Place of publication, distribution, etc. Guwahati:
Name of publisher, distributor, etc. University publication department,
Date of publication, distribution, etc. 1987.
300 ## - PHYSICAL DESCRIPTION
Extent x,237p.
653 ## - INDEX TERM--UNCONTROLLED
Uncontrolled term Commerce
653 ## - INDEX TERM--UNCONTROLLED
Uncontrolled term Byabasay Sangathan aru Parichalan
700 ## - ADDED ENTRY--PERSONAL NAME
Personal name Sarmah,Anil kumar,
Relator term Author.
942 ## - ADDED ENTRY ELEMENTS (KOHA)
Koha item type Books
Holdings
Withdrawn status Lost status Damaged status Not for loan Home library Current library Shelving location Date acquired Total checkouts Full call number Barcode Date last seen Copy number Price effective from Koha item type
        Naharkatiya College Library Naharkatiya College Library General stacks 09/19/2020   338.7 | SAR 13193 09/19/2020 1 09/19/2020 Books